000 00667cam a22002413a 4500
001 32484
003 PGUSA
005 20140828083713.0
008 100522s2010||||xxu|||||s|||||000 1 eng d
040 _aPGUSA
_beng
042 _adc
100 1 _aVandenburg, G. L.
245 1 0 _aMoon Glow
_h[electronic resource] /
_cG. L. Vandenburg
260 _bProject Gutenberg,
_c2010
506 _aPublic domain in the USA.
516 _aElectronic text
653 _aSpace flight to the moon -- Fiction
653 _aShort stories
653 _aScience fiction
830 0 _aProject Gutenberg
_v32484
856 4 0 _uhttp://www.gutenberg.org/ebooks/32484
942 _cEB
999 _c261739
_d261739